| 000 | 02585nam2a22002891 4500 | ||
|---|---|---|---|
| 001 | rc\3470529 | ||
| 005 | 20250610021248.0 | ||
| 021 |
_aRU _b[72-875] |
||
| 035 | _a(NLR Aleph) 007640228 | ||
| 090 |
_a6118009 _c6118009 |
||
| 100 | _a20130115d1971 |||y0rusy50 ca | ||
| 101 | 0 | _arus | |
| 102 | _aRU | ||
| 105 | _ay z ||||| | ||
| 200 | 1 |
_aУправление сложными технико-экономическими системами _e(Тезисы докл.) _f[Ред. коллегия: канд. экон. наук В.А. Миненко (отв. ред.) и др.] _gЦК ЛКСМУ. АН УССР. М-во высш. и сред. спец. образования УССР. Укр. респ. совет НТО. Харьк. обком ЛКСМУ. Харьк. гос. ун-т им. А.М. Горького. Всесоюз. науч.-исслед. ин-т организации производства и труда в черной металлургии. Харьк. политехн. ин-т им. В.И. Ленина. Харьк. обл. совет НТО. Респ. науч.-техн. конф. |
|
| 210 |
_d1971 _aБ. м. |
||
| 215 |
_a351 с. _d20 |
||
| 300 | _aНа обл. только загл. выпуска | ||
| 320 | _aСписки лит. в конце докл. | ||
| 461 | 0 |
_1001rc\3470527 _12001#$aНаучно-технический прогресс и молодежь$eТезисы докл. участников науч. конф. Дек. 1971 г.$e[Вып. 1]-$fЦК ЛКСМ Украины. Укр. респ. совет НТО. Харьк. обком комсомола. АН УССР. М-во высш. и сред. спец. образования УССР. Харьк. гос. ун-т им. А.М. Горького$vВып. 2 _96117993 _cХарьков _d1971- _fЦК ЛКСМ Украины. Укр. респ. совет НТО. Харьк. обком комсомола. АН УССР. М-во высш. и сред. спец. образования УССР. Харьк. гос. ун-т им. А.М. Горького _nБ. и. _oТезисы докл. участников науч. конф. Дек. 1971 г. : [Вып. 1]- _tНаучно-технический прогресс и молодежь _vВып. 2 |
|
| 606 |
_aПромышленные предприятия _xУправление _xМатематические методы _jТезисы докладов (вып. 2) _2psbo |
||
| 702 | 1 |
_aМиненко _bВ.А. _4340 |
|
| 801 | 0 |
_aRU _bNLR _gpsbo |
|
| 801 | 1 |
_aRU _bELAR _2rusmarc |
|
| 852 |
_aNLR _j71-5/6216 |
||
| 942 | _cBOOK | ||
| 980 | _aNB | ||